Incorrect Cities #1 - Statistics

General Stats
  • This quiz has been taken 7 times
  • The average score is 10 of 50
Answer Stats
Hint Answer % Correct
Busan, Turkey Busan, South Korea
100%
Dublin, Poland Dublin, Ireland
71%
Jeju, Uganda Jeju, South Korea
71%
Dublin, Poland Lublin, Poland
57%
Najaf, Iran Najaf, Iraq
57%
Orenburg, Germany Orenburg, Russia
57%
Bandar Abbas, Brunei Bandar Seri Begawan, Brunei
43%
Busan, Turkey Bursa, Turkey
43%
Da Loa, Vietnam Da Nang, Vietnam | Da Lat, Vietnam
43%
Irbid, Iraq Erbil, Iraq
43%
Irbid, Iraq Irbid, Jordan
43%
Patna, Algeria Patna, India
43%
Bandar Abbas, Brunei Bandar Abbas, Iran
29%
General Roca, Philippines General Santos, Philippines
29%
Ghaziabad, Bangladesh Ghaziabad, India
29%
Orenburg, Germany Oldenburg, Germany
29%
Port Blair, Nigeria Port Harcourt, Nigeria
29%
São João de Rio Preto, Brazil São José do Rio Preto, Brazil
29%
Sibiu, Malaysia Sibiu, Romania
29%
6th of Ramadan City, Egypt 6th of October City, Egypt
14%
Likasi, Indonesia Bekasi, Indonesia
14%
Ciudad Victoria, Venezuela Ciudad Victoria, Mexico
14%
Francistown, Gabon Franceville, Gabon
14%
Francistown, Gabon Francistown, Botswana
14%
Ghaziabad, Bangladesh Gazipur, Bangladesh
14%
Goma Bay, Kenya Homa Bay, Kenya
14%
Iquique, Peru Iquique, Chile
14%
Iquique, Peru Iquitos, Peru
14%
Port Blair, Nigeria Port Blair, India
14%
Qiqimper, France Quimper, France
14%
Bolgatanga, Tanzania Tanga, Tanzania
14%
6th of Ramadan City, Egypt 10th of Ramadan City, Egypt
0%
Patna, Algeria Batna, Algeria
0%
Bolgatanga, Tanzania Bolgatanga, Ghana
0%
Da Loa, Vietnam Daloa, Ivory Coast
0%
General Roca, Philippines General Roca, Argentina
0%
Goma Bay, Kenya Goma, D.R. Congo
0%
Heroica Gutiérrez, Mexico Heroica Veracruz, Mexico
0%
Jeju, Uganda Jinja, Uganda
0%
Kolwezi, Zambia Kolwezi, D.R. Congo
0%
Ciudad Victoria, Venezuela La Victoria, Venezuela
0%
Likasi, Indonesia Likasi, D.R. Congo
0%
Najaf, Iran Najafabad, Iran
0%
Qiqimper, France Qiqihar, China
0%
San Miguel de Jujuy, Argentina San Miguel de Tucumán, Argentina
0%
San Miguel de Jujuy, Argentina San Salvador de Jujuy, Argentina
0%
São João de Rio Preto, Brazil São João de Meriti, Brazil
0%
Sibiu, Malaysia Sibu, Malaysia
0%
Kolwezi, Zambia Solwezi, Zambia
0%
Heroica Gutiérrez, Mexico Tuxtla Gutiérrez, Mexico
0%
No matching quizzes found
Score Distribution
Percent of People with Each Score
Percentile by Number Answered
Your Score History
You have not taken this quiz